| 000 | 00480nam a2200181Ia 4500 | ||
|---|---|---|---|
| 003 | GCL | ||
| 008 | 140319s9999 xx 000 0 eng d | ||
| 040 |
_aGCL / _cGCL |
||
| 082 | 0 | 4 |
_a005.3 _bL V |
| 100 | 1 | _aLOWIS, RITA | |
| 245 | 1 | 0 |
_aVISUAL QUICKSTART GUIDE WORD PERFECT 3.5 FOR MACINTOSH / _cLOWIS, RITA |
| 260 |
_a[S.N] : _bPEACHPIT PRESS ، _c1995 |
||
| 300 | _a278\P | ||
| 650 | 0 | 4 | _aشعر الحرب |
| 650 | 0 | 4 | _aWORD PERFECT |
| 650 | 0 | 4 | _aMACINTOSH |
| 942 |
_2ddc _cBK |
||
| 999 |
_c10636 _d10636 |
||